Ciudades de EE. UU. con una Población Mayor de 1 millón - Estadísticas

Estadísticas generales
  • Esta prueba ha sido intentada 217 veces
  • La puntuación promedio es 8 de 10
Estadísticas de respuestas
Población Primero alcanzado Ciudad % Correcto
8,550,405 1857 Nueva York
99%
3,971,883 1928 Los Ángeles
96%
2,720,546 1889 Chicago
95%
2,296,224 1963 Houston
89%
1,300,092 1990 Dallas
84%
1,567,442 1888 Filadelfia
74%
1,394,928 1986 San Diego
73%
1,563,025 1991 Phoenix
65%
1,469,845 1991 San Antonio
51%
1,026,908 2014 San José
28%
No se encontraron pruebas coincidentes
Distribución de puntuación
Porcentaje de gente con cada puntuación
Porcentaje por número respondido
Historial de tus puntuaciones
No has intentado esta prueba.